000 01936nam a22002297a 4500
001 5494
003 FISKH
005 20241212124956.0
008 241212b cb ||||| |||| 00| 0 eng d
020 _a9780192756947
040 _aFISKH
_beng
_cFISKH
_dFISKH
082 _a423.12
100 _aAllen, Robert
_eedtior
245 _aOxford school thesaurus :
_beasy to use ! /
_cby Robert Allen
260 _aOxford :
_bOxford University Press ;
_c2012.
300 _a581 pages :
_billustrations ;
_c16 cm .
490 _aOxford: Dictionaries & Reference for Schools
520 _aThis authoritative new edition of the bestselling Oxford School Thesaurus boosts vocabulary and improves writing skills through new curriculum support. With the help of the Oxford Children's Corpus, the largest bank of children's language in English, the thesaurus is able to proivde a range ofcarefully-levelled words, synonyms and antonyms and age-appropriate example sentences. These are written in the natural language of contemporary children using contexts that will make the thesaurus easy and enjoyable for every child to use. Phrasal verbs, idioms, and writing tips help to explore therichness of language and make writing more effective, whether in creative writing or in essays, projects, reports and letters.A writing supplement with spelling, grammar and punctuation support makes this a complete toolkit to enhance basic literacy skills, build confidence, deliver the curriculum and help children prepare for the level of writing expected at secondary school. As with all Oxford children's thesauruses, ithas been trialled with teachers. A perfect buy, in a resilient hardback format with a refreshing new look, an essential for any bookshelf.Free downloadable word games, puzzles and activities are available at www.oxforddictionaries.com/schools
700 _aMannion , John
_eLiteracy Consultant
942 _2ddc
_cBK
_n0
999 _c5494
_d5494